| 000 -LEADER |
| fixed length control field |
00634nam a22001937a 4500 |
| 003 - CONTROL NUMBER IDENTIFIER |
| control field |
OSt |
| 005 - DATE AND TIME OF LATEST TRANSACTION |
| control field |
20191029062713.0 |
| 008 - FIXED-LENGTH DATA ELEMENTS--GENERAL INFORMATION |
| fixed length control field |
180320b xxu||||| |||| 00| 0 spa d |
| 020 ## - INTERNATIONAL STANDARD BOOK NUMBER |
| International Standard Book Number |
9502008905 |
| 040 ## - CATALOGING SOURCE |
| Transcribing agency |
PJ |
| 100 ## - ASIENTO PRINCIPAL - NOMBRE DE PERSONA |
| 9 (RLIN) |
341 |
| Personal name |
Farrell, Martín Diego |
| 245 ## - MENCIÓN DE TÍTULO |
| Título propiamente dicho |
Métodos de la ética / |
| Mención de responsabilidad, etc |
Martín Diego Farrell. |
| 260 ## - PUBLICATION, DISTRIBUTION, ETC. (IMPRINT) |
| Place of publication, distribution, etc |
Buenos Aires : |
| Name of publisher, distributor, etc |
Abeledo Perrot, |
| Date of publication, distribution, etc |
1994. |
| 300 ## - DESCRIPCION FISICA |
| Extent |
286 p. |
| Dimensions |
23 cm. |
| 500 ## - NOTA GENERAL |
| General note |
Citas y notas bibliográficas a pie de algunas páginas. |
| 505 ## - FORMATTED CONTENTS NOTE |
| Formatted contents note |
Contenido:<br/>I. El egoísmo -- II. El intuicionismo -- III.El utilitarismo.<br/><br/><br/> |
| 650 #0 - ASIENTO SECUNDARIO DE MATERIA - TERMINO TEMATICO |
| Topical term or geographic name as entry element |
ÉTICA |
| 9 (RLIN) |
252 |
| 942 ## - ADDED ENTRY ELEMENTS (KOHA) |
| Source of classification or shelving scheme |
|
| Koha item type |
Libros |
| Classification part |
17.01 |
| Item part |
FAR |